000 00714nam a2200253 a 4500
008
020 _a0727912372 (pbk.)
049 _aMAIN
090 _aRC942
_bABC
245 1 0 _aABC of breast diseases /
_cedited by Michael Dixon.
250 _a2nd ed.
260 _aLondon, :
_bBMJ Publishing Group,
_c2000.
300 _ax, 110 p. :
_bill. ;
_c30 cm.
500 _aIncludes bibliographical references.
500 _aIncludes index.
650 1 _aBreast Diseases.
650 _aBreast
_vdiseases.
700 _aDixon, Michael.
907 _a.b10271466
_b20-07-11
_c13-11-09
003
005 20230120204024.0
040 _cNUST
942 _cBOOKS
_kRC942
_mABC
999 _c115728
_d115728